[Event "PNWCC Online blitz JP 10th"]
[Site "Chess.com INT"]
[Date "2020.05.16"]
[Round "1"]
[White "Zheng, Peter"]
[Black "He, Anthony B"]
[Result "0-1"]
[WhiteElo "1643"]
[BlackElo "2337"]
[PlyCount "150"]
[EventDate "2020.05.16"]
[EventType "swiss (blitz)"]
[EventRounds "11"]
[EventCountry "USA"]
[SourceTitle "CBM 196 Extra"]
[Source "ChessBase"]
[SourceDate "2020.07.31"]
[SourceVersion "1"]
[SourceVersionDate "2020.07.31"]
[SourceQuality "1"]

1. e4 c5 2. Nf3 Nc6 3. Bb5 g6 4. Bxc6 bxc6 5. 0-0 Bg7 6. c3 Nh6 7. d4 cxd4 8. cxd4 d5 9. e5 0-0 10. h3 f6 11. exf6 exf6 12. Nc3 Nf7 13. Bf4 g5 14. Bh2 Bf5 15. Rc1 h5 16. Na4 Rc8 17. Nc5 Re8 18. Re1 Qb6 19. Qb3 Qa5 20. Qa4 Qb6 21. Qb3 Bh6 22. Qxb6 axb6 23. Na4 g4 24. Nh4 Bxc1 25. Rxc1 Bc2 26. Nxb6 Rcd8 27. Bc7 Re2 28. Bxd8 Nxd8 29. hxg4 hxg4 30. Nd7 Kf7 31. Nc5 Rd2 32. Kf1 Bh7 33. b3 Rxa2 34. g3 Rd2 35. Ng2 Rxd4 36. Ne3 Rb4 37. Rc3 d4 38. Rc4 Rxc4 39. Nxc4 Ne6 40. Nxe6 Kxe6 41. Ke1 Bc2 42. Na5 Kd5 43. Kd2 Bf5 44. Nc4 Be6 45. Kd3 Bf5+ 46. Kd2 c5 47. Na5 Bc8 48. Nc4 Ba6 49. Na3 Ke4 50. Nc2 Kf3 51. Ke1 Bd3 52. Na3 Be4 53. Nc4 Bd5 54. Nd2+ Kg2 55. Ke2 f5 56. Ke1 d3 57. Nb1 Bxb3 58. Nc3 d2+ 59. Kxd2 Kxf2 60. Ne2 Bc4 61. Nf4 Kxg3 62. Nh5+ Kf3 63. Ke1 g3 64. Nxg3 Kxg3 65. Kd1 f4 66. Kd2 f3 67. Ke1 f2+ 68. Kd2 f1Q 69. Kc3 Qd3+ 70. Kb2 Qb3+ 71. Kc1 Qc3+ 72. Kd1 Bb3+ 73. Ke2 c4 74. Kf1 Qd3+ 75. Ke1 Qd1# 0-1

[Event "USA U16 K8 op"]
[Site "Grapevine"]
[Date "2019.04.27"]
[Round "4"]
[White "Zheng, Peter"]
[Black "Maiti, Milind"]
[Result "0-1"]
[WhiteElo "1558"]
[BlackElo "1997"]
[PlyCount "62"]
[EventDate "2019.04.26"]
[EventType "swiss"]
[EventRounds "7"]
[EventCountry "USA"]
[SourceTitle "CBM 190 Extra"]
[Source "ChessBase"]
[SourceDate "2019.07.15"]
[SourceVersion "1"]
[SourceVersionDate "2019.07.15"]
[SourceQuality "1"]

1. e4 c5 2. Nf3 e6 3. d4 cxd4 4. Nxd4 a6 5. c4 Nf6 6. Nc3 Qc7 7. a3 d6 8. Be3 Be7 9. Be2 b6 10. f3 Bb7 11. 0-0 0-0 12. Rc1 Nbd7 13. b4 Rac8 14. Qb3 Rfe8 15. Rfd1 Qb8 16. Kh1 Bd8 17. Bg1 Bc7 18. Nc2 d5 19. exd5 exd5 20. Bf1 Bf4 21. Rb1 dxc4 22. Bxc4 Ne5 23. Be2 Qc7 24. Bd4 Bxh2 25. Ne3 Nc6 26. Ncd5 Nxd5 27. Nxd5 Qg3 28. Bf1 Qh4 29. Bf6 gxf6 30. Qc4 Bf4+ 31. Kg1 Qh2+ 0-1